ბათუმის შოთა რუსთაველის სახელმწიფო უნივერსიტეტის ბიბლიოთეკა

Итальянская интеллигенция в эпоху Ренессанса / (ბიბ.ჩანაწერი № 60763)

000 -LEADER
fixed length control field 00726nam a22001697a 4500
005 - DATE AND TIME OF LATEST TRANSACTION
control field 20231019122747.0
008 - FIXED-LENGTH DATA ELEMENTS--GENERAL INFORMATION
fixed length control field 231019s1982 ru ||||| |||| 00| 0 rus d
041 ## - LANGUAGE CODE
Language code of text/sound track or separate title rus
080 ## - UNIVERSAL DECIMAL CLASSIFICATION NUMBER
Universal Decimal Classification number 008(45)(091) П-30
100 ## - MAIN ENTRY--PERSONAL NAME
Personal name Петров, М.Т.
9 (RLIN) 20129
245 ## - TITLE STATEMENT
Title Итальянская интеллигенция в эпоху Ренессанса /
Statement of responsibility, etc. М.Т. Петров. Под. ред. В.И. Рутенбурга.
264 ## - PRODUCTION, PUBLICATION, DISTRIBUTION, MANUFACTURE, AND COPYRIGHT NOTICE
Place of production, publication, distribution, manufacture Ленинград:
Name of producer, publisher, distributor, manufacturer Наука,
Date of production, publication, distribution, manufacture, or copyright notice 1982.
300 ## - PHYSICAL DESCRIPTION
Extent 217 с.:
Other physical details 20 см.
653 ## - INDEX TERM--UNCONTROLLED
keyword იტალიელი ინტელიგენცია რენესანსის დროს
700 ## - ADDED ENTRY--PERSONAL NAME
Personal name Рутенбург, В.И.
Relator term რედაქტორი
9 (RLIN) 20130
942 ## - ADDED ENTRY ELEMENTS (KOHA)
Source of classification or shelving scheme
Koha item type წიგნი
ეგზემპლარები
Withdrawn status Lost status Source of classification or shelving scheme Damaged status Not for loan Permanent Location Current Location Shelving location Date acquired Cost, normal purchase price Full call number Barcode Date last seen Copy number Uniform Resource Identifier Price effective from Koha item type Public note
          ბათუმის შოთა რუსთაველის სახელმწიფო უნივერსიტეტის მთავარი ბიბლიოთეკა ბათუმის შოთა რუსთაველის სახელმწიფო უნივერსიტეტის მთავარი ბიბლიოთეკა წიგნსაცავი 2023-10-19 5.00 008(45)(091) П-30 65343 2023-10-19 65343 ბსუ-ს საპატიო დოქტორის გურამ ლორთქიფანიძის საჩუქარი 2023-10-19 წიგნი 5 ლ.